Научные и технологические основы разделения изотопов ряда легких элементов: учебное пособие

Библиографические подробности
Главный автор: Мышкин В. Ф. Вячеслав Федорович
Автор-организация: Томский политехнический университет (ТПУ)
Другие авторы: Вергун А. П. Анатолий Павлович, Власов А. В. Алексей Викторович
Примечания:Рассматриваются физико-химические (разделение в колоннах, при ионном обмене и электролизе; изотопный обмен; эффекты при сорбции газов и ректификации жидкостей), электромагнитный и плазменные (селективный ионно-циклотронный нагрев, плазменное центрифугирование), лазерные (световое давление, двухступенчатое возбуждение, селективная фотопредиссоциация, изотопный эффект в химических реакциях) методы разделения изотопов. Приводятся теоретические основы и примеры реализации этих методов, анализируются их достоинства и недостатки. Разработано в рамках реализации Инновационной образовательной программы ТПУ по направлению «Атомная энергетика, ядерный топливный цикл, безопасное обращение с радиоактивными отходами и отработанным ядерным топливом, обеспечение безопасности и противодействие терроризму» и предназначено для студентов, обучающихся по специальности 140303 «Физика кинетических явлений».
Язык:русский
Опубликовано: Томск, Изд-во ТПУ, 2008
Предметы:
Формат: MixedMaterials Книга
Запись в KOHA:https://koha.lib.tpu.ru/cgi-bin/koha/opac-detail.pl?biblionumber=161956

MARC

LEADER 00000nam0a2200000 4500
001 161956
005 20231222132433.0
010 |a 5982982873 
035 |a (RuTPU)RU\TPU\book\175628 
090 |a 161956 
100 |a 20090616d2008 m y0rusy50 ca 
101 0 |a rus 
102 |a RU 
105 |a a j 001zy 
200 1 |a Научные и технологические основы разделения изотопов ряда легких элементов  |e учебное пособие  |f В. Ф. Мышкин, А. П. Вергун , А. В. Власов  |g Томский политехнический университет (ТПУ) 
210 |a Томск  |c Изд-во ТПУ  |d 2008 
215 |a 162 с.  |c ил. 
320 |a Библиогр.: с. 159. 
330 |a Рассматриваются физико-химические (разделение в колоннах, при ионном обмене и электролизе; изотопный обмен; эффекты при сорбции газов и ректификации жидкостей), электромагнитный и плазменные (селективный ионно-циклотронный нагрев, плазменное центрифугирование), лазерные (световое давление, двухступенчатое возбуждение, селективная фотопредиссоциация, изотопный эффект в химических реакциях) методы разделения изотопов. Приводятся теоретические основы и примеры реализации этих методов, анализируются их достоинства и недостатки. Разработано в рамках реализации Инновационной образовательной программы ТПУ по направлению «Атомная энергетика, ядерный топливный цикл, безопасное обращение с радиоактивными отходами и отработанным ядерным топливом, обеспечение безопасности и противодействие терроризму» и предназначено для студентов, обучающихся по специальности 140303 «Физика кинетических явлений». 
452 1 |0 (RuTPU)RU\TPU\book\204766  |t Научные и технологические основы разделения изотопов ряда легких элементов  |o учебное пособие  |f В. Ф. Мышкин, А. П. Вергун, А. В. Власов  |g Томский политехнический университет (ТПУ)  |c Томск  |n Изд-во ТПУ  |d 2008  |a Мышкин, Вячеслав Фёдорович 
606 1 |a Изотопы  |x Разделение  |2 stltpush  |3 (RuTPU)RU\TPU\subj\12352  |9 39149 
610 1 |a теоретические основы 
610 1 |a изотопный обмен 
610 1 |a водород 
610 1 |a электромагнитные методы 
610 1 |a селективный метод 
610 1 |a плазменные методы 
610 1 |a плазменные центрифуги 
610 1 |a лазерные методы 
610 1 |a учебные пособия 
610 1 |a труды учёных ТПУ 
610 1 |a атомная энергетика 
610 1 |a ядерный топливный цикл 
610 1 |a радиоактивные отходы 
610 1 |a безопасность 
610 1 |a реакторы 
675 |a 621.039.3(075.8)  |v 3 
700 1 |a Мышкин  |b В. Ф.  |g Вячеслав Федорович 
701 1 |a Вергун  |b А. П.  |c физик  |c профессор Томского политехнического университета, доктор физико-математических наук  |f 1938-  |g Анатолий Павлович  |9 9271 
701 1 |a Власов  |b А. В.  |g Алексей Викторович 
712 0 2 |a Томский политехнический университет (ТПУ)  |c (1991- )  |3 (RuTPU)RU\TPU\col\376 
801 1 |a RU  |b 63413507  |c 20090616  |g PSBO 
801 2 |a RU  |b 63413507  |c 20210225  |g PSBO 
942 |c BK